| 000 | 00000nam##2200000za#4500 |
| 001 | 9.578728 |
| 003 | CaOODSP |
| 005 | 20210624190226 |
| 007 | cr ||||||||||| |
| 008 | 150406|1989||||xxc|||||o f|0| 0 eng|d |
| 022 | |a1488-5379 |
| 040 | |aCaOODSP|beng |
| 043 | |an-cn--- |
| 086 | 1 |aFs97-6/1684E-PDF |
| 110 | 1 |aCanada. |bDepartment of Fisheries and Oceans. |
| 245 | 12|aA review of hydrocarbon research and monitoring programs in the Department of Fisheries and Oceans / |h[electronic resource]|cby K.B. Yuen
[et al.] |
| 260 | |aOttawa - Ontario : |bFisheries and Oceans Canada |c1989. |
| 300 | |a140p.|breferences |
| 490 | 1 |aCanadian technical report of fisheries and aquatic sciences|x1488-5379|vNo. 1684 |
| 500 | |aOn t.p.: Physical and Chemical Sciences Directorate, Ottawa, Ontario. The catalogue number and ISSN for the print edition appear in the PDF version. |
| 546 | |a(Résumé en français) |
| 590 | |a14-04-Supp|b2014-02-05 |
| 720 | 1 |aYuen, K. B. |
| 830 | #0|aCanadian technical report of fisheries and aquatic sciences,|x1488-5379|vNo. 1684|w(CaOODSP)9.504449 |
| 856 | 40|ahttp://publications.gc.ca|qPDF|s7405 KB|uhttps://publications.gc.ca/collections/collection_2014/mpo-dfo/Fs97-6-1684-eng.pdf|yNo. 1684 |